Element Typing Challenge Quiz Stats

 Plays Quiz Updated Feb 12, 2012

Challenge
Share
Tweet
Embed
Score 0/46 Timer 01:00
1 Play Today
Element Typed Element % Correct
????
100%
????
99.4%
????
98.9%
????
98.4%
????
98.2%
????
98%
????
97.8%
????
97.4%
????
97.1%
????
96.8%
????
96.5%
????
96.2%
????
95.9%
????
95.5%
????
95%
????
94.4%
????
93.8%
????
93.1%
????
92.4%
????
91.5%
????
90.1%
????
88.3%
????
86.7%
Element Typed Element % Correct
????
84.7%
????
82.2%
????
78.6%
????
74.9%
????
71.7%
????
67.6%
????
62.2%
????
56.9%
????
51.5%
????
46.1%
????
39.7%
????
34.8%
????
27.8%
????
23.2%
????
19.3%
????
15.3%
????
12.1%
????
9.4%
????
7.1%
????
5.2%
????
3.3%
????
1.6%
????
0.8%

You're not logged in!

Compare scores with friends on all Sporcle quizzes.
Join for Free
OR
Log In

You Might Also Like...

Show Comments

Extras

Top Quizzes Today


Score Distribution

Your Account Isn't Verified!

In order to create a playlist on Sporcle, you need to verify the email address you used during registration. Go to your Sporcle Settings to finish the process.

Report this User

Report this user for behavior that violates our Community Guidelines.

Details: